| 000 | 01317cam a22003614a 4500 | ||
|---|---|---|---|
| 001 | 15398197 | ||
| 003 | NUST - PNEC | ||
| 005 | 20170116181200.0 | ||
| 008 | 080806s2008 pk b 001 0 eng | ||
| 010 | _a 2008344049 | ||
| 020 | _a9789693521719 | ||
| 020 | _a9693521714 | ||
| 025 | _aP-E-2008344049; 29 | ||
| 040 |
_aDLC _cLIBRARY |
||
| 042 | _alcode | ||
| 043 |
_aa-pk--- _aa-af--- |
||
| 050 | 0 | 0 |
_aDS389.2 _b.J35 2008 |
| 082 | _a958.1 MUS | ||
| 100 | 1 |
_aMusa Khan Jalalzai _916342 |
|
| 245 | 1 | 4 |
_aThe Taliban insurgency in Pakistan and Afghanistan : violence, suicide attacks and the search for security in the region / _cMusa Khan Jalalzai. |
| 260 |
_aLahore : _bSang-e-Meel Publications, _c2008. |
||
| 300 |
_a180 p. ; _c24 cm. |
||
| 504 | _aIncludes bibliographical references (p. [161]-176) and index. | ||
| 610 | 2 | 0 | _aTaliban. |
| 650 | 0 |
_aInsurgency _zPakistan. |
|
| 650 | 0 |
_aInsurgency _zAfghanistan. _xGeneral |
|
| 651 | 0 |
_aPakistan _xHistory _y21st century. |
|
| 651 | 0 |
_aAfghanistan _xHistory _y2001- |
|
| 856 | _uhttp://www.amazon.com/Taliban-Insurgency-Pakistan-Afghanistan-Violence/dp/9693521714/ref=sr_1_1?s=books&ie=UTF8&qid=1455006358&sr=1-1&keywords=9693521714 | ||
| 906 |
_a7 _bcbc _corigode _d3 _encip _f20 _gy-gencatlg |
||
| 942 |
_2ddc _cBK |
||
| 999 |
_c71431 _d71431 |
||